Indahnya bahasa (Record no. 78760)

MARC details
000 -LEADER
fixed length control field 00809nam a2200265 i 4500
001 - CONTROL NUMBER
control field C2-0270207
003 - CONTROL NUMBER IDENTIFIER
control field PPAK
005 - DATE AND TIME OF LATEST TRANSACTION
control field 20180728000633.0
008 - FIXED-LENGTH DATA ELEMENTS--GENERAL INFORMATION
fixed length control field 060809s2005 my a|||| ||||| | may d
020 ## - INTERNATIONAL STANDARD BOOK NUMBER
International Standard Book Number 9836284524
040 ## - CATALOGING SOURCE
Original cataloging agency PPAK
Language of cataloging eng
Transcribing agency PPAK
Description conventions rda
082 04 - DEWEY DECIMAL CLASSIFICATION NUMBER
Classification number 499.2383
Edition number 23
090 00 - LOCALLY ASSIGNED LC-TYPE CALL NUMBER (OCLC); LOCAL CALL NUMBER (RLIN)
Classification number (OCLC) (R) ; Classification number, CALL (RLIN) (NR) 499.2383
Feature heading AZI
Feature heading K
100 0# - MAIN ENTRY--PERSONAL NAME
Personal name Aziah tajudin,
Relator term author
245 10 - TITLE STATEMENT
Title Indahnya bahasa
264 #1 - PRODUCTION, PUBLICATION, DISTRIBUTION, MANUFACTURE, AND COPYRIGHT NOTICE
Place of production, publication, distribution, manufacture Kuala Lumpur :
Name of producer, publisher, distributor, manufacturer Dewan Bahasa dan Pustaka ,
Date of production, publication, distribution, manufacture, or copyright notice 2005
300 ## - PHYSICAL DESCRIPTION
Extent vii, 122 pages :
Other physical details colour illustrations ;
Dimensions 21 cm
336 ## - CONTENT TYPE
Source rdacontent
Content type term text
337 ## - MEDIA TYPE
Source rdamedia
Media type term unmediated
338 ## - CARRIER TYPE
Source rdacarrier
Carrier type term volume
490 1# - SERIES STATEMENT
Series statement Siri pengayaan pemahaman bahasa untuk kanak-kanak
650 10 - SUBJECT ADDED ENTRY--TOPICAL TERM
Topical term or geographic name entry element Malay language - Grammar.
830 #0 - SERIES ADDED ENTRY--UNIFORM TITLE
Uniform title Siri pengayaan pemahaman bahasa untuk kanak-kanak
942 ## - ADDED ENTRY ELEMENTS (KOHA)
-- dc
Koha item type Book
Holdings
Withdrawn Not for loan Current library Shelving location Date acquired Full call number Barcode Date last seen Koha item type Total Checkouts Date last checked out Checked out
    Perpustakaan Alor Setar Pinjaman Kanak-kanak 28/03/2007 K 499.2383 AZI A01161594 04/07/2019 Book 1 20/06/2019  
    Perpustakaan Awam Sungai Petani Pinjaman Kanak-kanak 28/03/2007 K 499.2383 AZI A01161595 22/02/2020 Book 1 22/02/2020 14/03/2020
    Perpustakaan Jitra Pinjaman Kanak-kanak 28/03/2007 K 499.2383 AZI A01161596 09/05/2018 Book      
    PD04, Kg. Bukit Nambua, Kuala Nerang Pinjaman Kanak-kanak 29/01/2007 K 499.2383 AZI A01134049 09/05/2018 Book